| 000 | 01903nam a2200229 4500 | ||
|---|---|---|---|
| 005 | 20250522101843.0 | ||
| 008 | 250522b |||||||| |||| 00| 0 eng d | ||
| 020 | _a9783111160344 | ||
| 040 |
_aCSL _cCSL |
||
| 041 |
_2eng _aeng |
||
| 084 |
_aE:26 R4 Carc _qCSL |
||
| 100 |
_aJackowska, Krystyna _eauthor. _9809279 |
||
| 245 |
_aApplied electrochemistry: _b Aspect in material and environmental science |
||
| 250 | _a2nd ed. | ||
| 260 |
_aBerlin: _bDe Gruyter, _c2024. |
||
| 300 |
_axiv, 390p.: _b ill. _c; 24 cm |
||
| 500 | _aIncludes List of abbreviations, list of symbols and index | ||
| 520 | _aThis book introduces the main aspects of modern applied electrochemistry. Starting with the basics of thermodynamic background, structure of interfaces and selected techniques used in analytical and material chemistry, the authors address the principles of electrochemistry in material science: corrosion, electrocatalysis, electrodeposition, energy storage and conversion. The application of nanostructured materials in these processes, as well as interfacing of electrochemistry with biology and medicine is discussed. The final part of the book is devoted to photoelectrochemistry and solar energy conversion in photoelectrochemical cells of various types. The goal of this book is to show that electrochemistry has many applications, not only for understanding of various phenomena in nowadays life but also in practical devices and can stimulate new science-enabled technologies, nourishing leaps from bench-top to large-scale industries, providing also means for protecting our environment. | ||
| 650 |
_aElectrochemistry _vElectrochemical engineering _xEnvironmental chemistry _yElectrochemical processes _zElectrochemical sensors _9809280 |
||
| 700 |
_aKrysinski, Pawel _eco-author. _9809281 |
||
| 942 |
_2CC _n0 _cTEXL _e2nd _hE: 26 R4 Carc |
||
| 999 |
_c1428981 _d1428981 |
||